[Event "EYCC Open-U18 2019"]
[Site "Bratislava"]
[Date "2019.08.06"]
[Round "5.2"]
[White "Salemgareev, Tagir"]
[Black "Vrolijk, Liam"]
[Result "1/2-1/2"]
[WhiteElo "2412"]
[BlackElo "2478"]
[Annotator "ChessBase"]
[PlyCount "72"]
[EventDate "2019.08.02"]
[EventType "swiss"]
[EventCountry "SVK"]
[SourceTitle "playchess.com"]
[Source "ChessBase"]
[SourceQuality "1"]
[TimeControl "40/5400+30:1800+30"]

1. d4 {[%emt 0:00:00]} Nf6 {[%emt 0:00:00]} 2. c4 {[%emt 0:00:00]} e6 {[%emt 0:00:00]} 3. Nf3 {[%emt 0:00:00]} d5 {[%emt 0:00:00]} 4. Nc3 {[%emt 0:00:00]} c5 {[%emt 0:02:56]} 5. cxd5 {[%emt 0:00:00]} Nxd5 {[%emt 0:00:06]} 6. e4 {[%emt 0:00:00]} Nxc3 {[%emt 0:00:06]} 7. bxc3 {[%emt 0:00:00]} cxd4 {[%emt 0:00:10]} 8. cxd4 {[%emt 0:00:04]} Bb4+ {[%emt 0:00:08]} 9. Bd2 {[%emt 0:00:03]} Bxd2+ {[%emt 0:00:08]} 10. Qxd2 {[%emt 0:00:04]} O-O {[%emt 0:00:50]} 11. Rc1 {[%emt 0:00:03]} b6 {[%emt 0:05:34]} 12. Bd3 {[%emt 0:00:14]} Bb7 {[%emt 0:02:55]} 13. O-O {[%emt 0:06:13]} Nc6 {[%emt 0:05:29]} 14. d5 {[%emt 0:13:04]} exd5 {[%emt 0:08:56]} 15. e5 {[%emt 0:03:02]} Re8 {[%emt 0:33:30]} 16. Rfe1 {[%emt 0:02:50]} Rc8 {[%emt 0:02:53]} 17. Qf4 {[%emt 0:03:06]} h6 {[%emt 0:04:30]} 18. h4 {[%emt 0:04:14]} Ne7 {[%emt 0:03:55]} 19. Nd4 {[%emt 0:07:24]} Rxc1 {[%emt 0:03:49]} 20. Rxc1 {[%emt 0:03:35]} Qb8 {[%emt 0:00:24]} 21. Nb5 {[%emt 0:05:50]} Bc8 {[%emt 0:05:35]} 22. Nd6 {[%emt 0:10:59]} Rf8 {[%emt 0:00:07]} 23. Bb1 {[%emt 0:04:49]} Be6 {[%emt 0:03:33]} 24. Rc3 {[%emt 0:00:51]} Kh8 {[%emt 0:02:39]} 25. h5 {[%emt 0:04:17]} Qd8 {[%emt 0:01:45]} 26. Qa4 {[%emt 0:11:20]} f6 {[%emt 0:01:13]} 27. f4 {[%emt 0:01:52]} fxe5 {[%emt 0:01:01]} 28. fxe5 {[%emt 0:00:06]} Nf5 {[%emt 0:01:10]} 29. Qc2 {[%emt 0:08:31]} g6 {[%emt 0:03:30]} 30. hxg6 {[%emt 0:02:41]} Qh4 {[%emt 0:00:15]} 31. Qd2 {[%emt 0:02:09]} Kg7 {[%emt 0:05:09]} 32. Bxf5 {[%emt 0:06:57]} Bxf5 {[%emt 0:00:15]} 33. Rf3 {[%emt 0:00:13]} Bxg6 {[%emt 0:01:12]} 34. Rxf8 {[%emt 0:00:41]} Kxf8 {[%emt 0:00:06]} 35. Qxd5 {[%emt 0:01:21]} Qe1+ {[%emt 0:00:08]} 36. Kh2 {[%emt 0:00:04]} Qh4+ {[%emt 0:00:05]} 1/2-1/2

[Event "EYCC Open-U18 2019"]
[Site "Bratislava"]
[Date "2019.08.06"]
[Round "5.3"]
[White "Pantzar, Milton"]
[Black "Baenziger, Fabian"]
[Result "1-0"]
[WhiteElo "2357"]
[BlackElo "2352"]
[Annotator "NA"]
[PlyCount "79"]
[EventDate "2019.08.02"]
[EventType "swiss"]
[EventCountry "SVK"]
[SourceTitle "playchess.com"]
[Source "ChessBase"]
[SourceQuality "1"]
[TimeControl "40/5400+30:1800+30"]

1. d4 {[%emt 0:00:00]} d5 {[%emt 0:00:07]} 2. c4 {[%emt 0:00:29]} dxc4 {[%emt 0:01:15]} 3. Nf3 {[%emt 0:01:34]} Nf6 {[%emt 0:01:00]} 4. e3 {[%emt 0:00:41]} e6 {[%emt 0:00:54]} 5. Bxc4 {[%emt 0:00:26]} c5 {[%emt 0:00:43]} 6. O-O {[%emt 0:02:11]} a6 {[%emt 0:00:40]} 7. b3 {[%emt 0:05:32]} b5 {[%emt 0:01:07]} 8. Be2 {[%emt 0:00:24]} Bb7 {[%emt 0:00:43]} 9. Bb2 {[%emt 0:01:45]} Nbd7 {[%emt 0:00:56]} 10. a4 {[%emt 0:07:28]} b4 {[%emt 0:01:04]} 11. Nbd2 {[%emt 0:00:54]} Be7 {[%emt 0:01:21]} 12. Nc4 {[%emt 0:04:47]} O-O {[%emt 0:02:52]} 13. Nfe5 {[%emt 0:08:02]} cxd4 {[%emt 0:18:44]} 14. Nxd7 {[%emt 0:08:02]} Nxd7 {[%emt 0:03:56]} 15. Bxd4 {[%emt 0:00:36]} Rc8 {[%emt 0:06:33]} 16. a5 {[%emt 0:11:31]} Bc5 {[%emt 0:05:41]} 17. Bb2 {[%emt 0:14:34]} Nf6 {[%emt 0:14:50]} 18. Qxd8 {[%emt 0:10:18]} Rcxd8 {[%emt 0:02:32]} 19. Rfd1 {[%emt 0:00:42]} Ne4 {[%emt 0:05:22]} 20. Bf3 {[%emt 0:02:23]} Bd5 {[%emt 0:01:19]} 21. Rac1 {[%emt 0:05:04]} Bxc4 {[%emt 0:20:23]} 22. Rxd8 {[%emt 0:02:14]} Rxd8 {[%emt 0:00:32]} 23. Rxc4 {[%emt 0:01:12]} f5 {[%emt 0:00:08]} 24. h3 {[%emt 0:03:57]} Rd2 {[%emt 0:05:29]} 25. Bc1 {[%emt 0:02:46]} Rd3 {[%emt 0:01:17]} 26. Bxe4 {[%emt 0:02:16]} Rd1+ {[%emt 0:00:03]} 27. Kh2 {[%emt 0:00:05]} Bd6+ {[%emt 0:00:03]} 28. f4 {[%emt 0:01:02]} fxe4 {[%emt 0:00:17]} 29. Bb2 {[%emt 0:00:42]} Rd2 {[%emt 0:03:01]} 30. Bd4 {[%emt 0:01:20]} Kf7 {[%emt 0:01:20]} 31. Kg1 {[%emt 0:01:27]} h5 {[%emt 0:00:27]} 32. g3 {[%emt 0:00:33]} Rd3 {[%emt 0:00:41]} 33. Rc6 {[%emt 0:00:14]} Bf8 {[%emt 0:00:07]} 34. Rxa6 {[%emt 0:00:12]} Rxb3 {[%emt 0:00:03]} 35. Rb6 {[%emt 0:00:58]} Ra3 {[%emt 0:00:38]} 36. a6 {[%emt 0:00:10]} g5 {[%emt 0:00:38]} 37. Rb7+ {[%emt 0:00:42]} Kg6 {[%emt 0:00:03]} 38. a7 {[%emt 0:00:05]} b3 {[%emt 0:01:22]} 39. Rb8 {[%emt 0:00:28]} b2 {[%emt 0:00:12]} 40. Bxb2 {[%emt 0:00:00]} 1-0

[Event "EYCC Open-U18 2019"]
[Site "Bratislava"]
[Date "2019.08.06"]
[Round "5.4"]
[White "Travadon, Loic"]
[Black "Van Foreest, Lucas"]
[Result "1/2-1/2"]
[WhiteElo "2403"]
[BlackElo "2521"]
[Annotator "ChessBase"]
[PlyCount "49"]
[EventDate "2019.08.02"]
[EventType "swiss"]
[EventCountry "SVK"]
[SourceTitle "playchess.com"]
[Source "ChessBase"]
[SourceQuality "1"]
[TimeControl "40/5400+30:1800+30"]

1. Nf3 {[%emt 0:00:00]} Nf6 {[%emt 0:00:00]} 2. c4 {[%emt 0:00:00]} g6 {[%emt 0:00:08]} 3. Nc3 {[%emt 0:00:00]} Bg7 {[%emt 0:00:05]} 4. d4 {[%emt 0:00:00]} O-O {[%emt 0:00:10]} 5. e4 {[%emt 0:00:00]} d6 {[%emt 0:00:05]} 6. Be2 {[%emt 0:00:00]} e5 {[%emt 0:00:06]} 7. d5 {[%emt 0:00:00]} Na6 {[%emt 0:03:04]} 8. Nd2 {[%emt 0:00:00]} Bh6 {[%emt 0:01:16]} 9. h4 {[%emt 0:00:02]} Nc5 {[%emt 0:01:08]} 10. h5 {[%emt 0:01:02]} gxh5 {[%emt 0:03:07]} 11. b4 {[%emt 0:02:14]} Bxd2+ {[%emt 0:22:54]} 12. Qxd2 {[%emt 0:03:20]} Ncxe4 {[%emt 0:01:38]} 13. Nxe4 {[%emt 0:00:04]} Nxe4 {[%emt 0:00:03]} 14. Qh6 {[%emt 0:00:05]} f5 {[%emt 0:25:16]} 15. Rxh5 {[%emt 0:03:15]} Qe7 {[%emt 0:01:22]} 16. Bd3 {[%emt 0:08:17]} Rf6 {[%emt 0:02:13]} 17. Qe3 {[%emt 0:00:08]} Rg6 {[%emt 0:00:41]} 18. Bxe4 {[%emt 0:03:37]} fxe4 {[%emt 0:00:14]} 19. Rg5 {[%emt 0:05:08]} Qxg5 {[%emt 0:00:21]} 20. Qxg5 {[%emt 0:00:06]} Rxg5 {[%emt 0:00:03]} 21. Bxg5 {[%emt 0:00:02]} Bd7 {[%emt 0:04:15]} 22. Kd2 {[%emt 0:00:39]} a5 {[%emt 0:00:44]} 23. b5 {[%emt 0:00:29]} b6 {[%emt 0:00:04]} 24. Rh1 {[%emt 0:00:49]} Bf5 {[%emt 0:01:20]} 25. Be3 {[%emt 0:03:03]} 1/2-1/2

[Event "EYCC Open-U18 2019"]
[Site "Bratislava"]
[Date "2019.08.06"]
[Round "5.5"]
[White "Nguyen, Thai Dai Van"]
[Black "Bronstein, Or"]
[Result "1/2-1/2"]
[WhiteElo "2535"]
[BlackElo "2378"]
[Annotator "ChessBase"]
[PlyCount "65"]
[EventDate "2019.08.02"]
[EventType "swiss"]
[EventCountry "SVK"]
[SourceTitle "playchess.com"]
[Source "ChessBase"]
[SourceQuality "1"]
[TimeControl "40/5400+30:1800+30"]

1. e4 {[%emt 0:00:00]} c5 {[%emt 0:00:00]} 2. Nf3 {[%emt 0:00:00]} d6 {[%emt 0:00:00]} 3. d4 {[%emt 0:00:00]} cxd4 {[%emt 0:00:00]} 4. Nxd4 {[%emt 0:00:03]} Nf6 {[%emt 0:00:00]} 5. Nc3 {[%emt 0:00:05]} a6 {[%emt 0:00:00]} 6. Bd3 {[%emt 0:00:12]} e5 {[%emt 0:00:44]} 7. Nde2 {[%emt 0:00:10]} Be7 {[%emt 0:00:11]} 8. O-O {[%emt 0:00:07]} Be6 {[%emt 0:00:30]} 9. f4 {[%emt 0:00:05]} exf4 {[%emt 0:08:25]} 10. Nxf4 {[%emt 0:00:07]} Nc6 {[%emt 0:06:42]} 11. Be3 {[%emt 0:00:05]} Ne5 {[%emt 0:00:43]} 12. a4 {[%emt 0:00:16]} O-O {[%emt 0:03:23]} 13. a5 {[%emt 0:00:03]} Re8 {[%emt 0:09:44]} 14. Bd4 {[%emt 0:05:13]} Rc8 {[%emt 0:11:35]} 15. Kh1 {[%emt 0:24:10]} Nfd7 {[%emt 0:08:31]} 16. Ncd5 {[%emt 0:00:48]} Bg5 {[%emt 0:00:24]} 17. c3 {[%emt 0:12:06]} Nc5 {[%emt 0:05:49]} 18. Bc2 {[%emt 0:07:20]} Bg4 {[%emt 0:01:28]} 19. Qe1 {[%emt 0:06:04]} Bh4 {[%emt 0:04:22]} 20. Qc1 {[%emt 0:01:02]} Bg5 {[%emt 0:14:36]} 21. Qe1 {[%emt 0:11:49]} Bh4 {[%emt 0:00:02]} 22. Qc1 {[%emt 0:00:05]} Bg5 {[%emt 0:00:03]} 23. Qb1 {[%emt 0:11:49]} Nc4 {[%emt 0:01:46]} 24. Rf2 {[%emt 0:00:06]} Ne6 {[%emt 0:06:54]} 25. Nxe6 {[%emt 0:00:12]} Bxe6 {[%emt 0:01:55]} 26. b3 {[%emt 0:07:12]} Ne5 {[%emt 0:00:10]} 27. b4 {[%emt 0:00:04]} Ng4 {[%emt 0:03:45]} 28. Rf3 {[%emt 0:01:01]} Bxd5 {[%emt 0:01:41]} 29. exd5 {[%emt 0:00:01]} g6 {[%emt 0:00:10]} 30. Qf1 {[%emt 0:02:23]} Ne3 {[%emt 0:02:28]} 31. Qd3 {[%emt 0:02:09]} Nxc2 {[%emt 0:00:26]} 32. Qxc2 {[%emt 0:00:01]} f5 {[%emt 0:00:46]} 33. Qd3 {[%emt 0:03:53]} 1/2-1/2

[Event "EYCC Open-U18 2019"]
[Site "Bratislava"]
[Date "2019.08.06"]
[Round "5.6"]
[White "Engel, Luis"]
[Black "Fus, Jakub"]
[Result "1-0"]
[WhiteElo "2509"]
[BlackElo "2341"]
[Annotator "ChessBase"]
[PlyCount "117"]
[EventDate "2019.08.02"]
[EventType "swiss"]
[EventCountry "SVK"]
[SourceTitle "playchess.com"]
[Source "ChessBase"]
[SourceQuality "1"]
[TimeControl "40/5400+30:1800+30"]

1. e4 {[%emt 0:00:00]} e5 {[%emt 0:00:00]} 2. Nf3 {[%emt 0:00:00]} Nc6 {[%emt 0:00:11]} 3. Bb5 {[%emt 0:00:00]} a6 {[%emt 0:00:25]} 4. Ba4 {[%emt 0:00:00]} Nf6 {[%emt 0:00:19]} 5. d3 {[%emt 0:00:00]} b5 {[%emt 0:00:22]} 6. Bb3 {[%emt 0:00:00]} Be7 {[%emt 0:00:29]} 7. a4 {[%emt 0:00:07]} b4 {[%emt 0:00:43]} 8. Nbd2 {[%emt 0:00:07]} O-O {[%emt 0:01:13]} 9. Nc4 {[%emt 0:00:15]} d6 {[%emt 0:00:32]} 10. h3 {[%emt 0:00:07]} Re8 {[%emt 0:02:38]} 11. O-O {[%emt 0:00:20]} h6 {[%emt 0:01:29]} 12. Re1 {[%emt 0:01:29]} Bf8 {[%emt 0:00:40]} 13. a5 {[%emt 0:03:11]} Rb8 {[%emt 0:04:23]} 14. Bd2 {[%emt 0:05:09]} Nd4 {[%emt 0:07:07]} 15. Nxd4 {[%emt 0:01:09]} exd4 {[%emt 0:00:06]} 16. e5 {[%emt 0:04:44]} Nd7 {[%emt 0:26:38]} 17. exd6 {[%emt 0:00:54]} cxd6 {[%emt 0:04:07]} 18. Rxe8 {[%emt 0:14:26]} Qxe8 {[%emt 0:00:05]} 19. Qe1 {[%emt 0:24:51]} Qd8 {[%emt 0:07:23]} 20. Qe4 {[%emt 0:10:49]} Nc5 {[%emt 0:05:51]} 21. Qxd4 {[%emt 0:00:13]} Nxb3 {[%emt 0:00:16]} 22. cxb3 {[%emt 0:00:06]} Rb5 {[%emt 0:01:10]} 23. Ne3 {[%emt 0:09:02]} Be6 {[%emt 0:11:11]} 24. Bxb4 {[%emt 0:01:20]} Bxb3 {[%emt 0:02:45]} 25. Bc3 {[%emt 0:02:23]} Be6 {[%emt 0:02:02]} 26. Re1 {[%emt 0:01:01]} Qd7 {[%emt 0:03:04]} 27. f4 {[%emt 0:03:50]} Qc6 {[%emt 0:06:27]} 28. Rf1 {[%emt 0:02:04]} Bc8 {[%emt 0:03:06]} 29. f5 {[%emt 0:02:25]} Bb7 {[%emt 0:01:44]} 30. Rf3 {[%emt 0:01:39]} f6 {[%emt 0:03:12]} 31. Rg3 {[%emt 0:01:47]} Qc5 {[%emt 0:03:35]} 32. Qg4 {[%emt 0:02:49]} Bc8 33. d4 {[%emt 0:04:59]} Qa7 {[%emt 0:01:01]} 34. d5 {[%emt 0:00:06]} Qf7 {[%emt 0:00:14]} 35. Qh4 {[%emt 0:01:59]} Kh7 {[%emt 0:00:34]} 36. Kh2 {[%emt 0:01:42]} Rb7 {[%emt 0:00:33]} 37. Qf4 {[%emt 0:00:31]} Re7 {[%emt 0:02:08]} 38. Ng4 {[%emt 0:00:50]} h5 {[%emt 0:00:38]} 39. Ne3 {[%emt 0:00:32]} Qe8 {[%emt 0:00:02]} 40. Qf2 {[%emt 0:00:00]} Qa4 {[%emt 0:00:00]} 41. Rf3 {[%emt 0:04:37]} Re4 {[%emt 0:04:31]} 42. g4 {[%emt 0:01:25]} Qe8 {[%emt 0:02:57]} 43. Qg3 {[%emt 0:02:13]} hxg4 {[%emt 0:03:27]} 44. hxg4 {[%emt 0:02:06]} Kg8 {[%emt 0:00:17]} 45. Kg1 {[%emt 0:03:28]} Qf7 {[%emt 0:09:45]} 46. g5 {[%emt 0:03:22]} fxg5 {[%emt 0:00:34]} 47. Qxg5 {[%emt 0:00:23]} Bd7 {[%emt 0:07:36]} 48. Kf2 {[%emt 0:03:21]} Be8 {[%emt 0:02:08]} 49. Ng4 {[%emt 0:01:07]} Rxg4 {[%emt 0:00:18]} 50. Qxg4 {[%emt 0:00:06]} Qxd5 {[%emt 0:00:05]} 51. f6 {[%emt 0:01:49]} g6 {[%emt 0:01:46]} 52. Rh3 {[%emt 0:02:31]} Qc5+ {[%emt 0:01:31]} 53. Qd4 {[%emt 0:01:31]} Qf5+ {[%emt 0:00:03]} 54. Rf3 {[%emt 0:00:09]} Qc2+ {[%emt 0:00:04]} 55. Qd2 {[%emt 0:00:58]} Qb1 {[%emt 0:01:29]} 56. f7+ {[%emt 0:03:02]} Bxf7 {[%emt 0:00:04]} 57. Qf4 {[%emt 0:00:05]} Qf5 {[%emt 0:02:33]} 58. Qxf5 {[%emt 0:00:16]} gxf5 {[%emt 0:00:04]} 59. Rxf5 {[%emt 0:00:06]} 1-0

[Event "EYCC Open-U18 2019"]
[Site "Bratislava"]
[Date "2019.08.06"]
[Round "5.7"]
[White "Gorshtein, Ido"]
[Black "Schoppen, Casper"]
[Result "1-0"]
[WhiteElo "2367"]
[BlackElo "2493"]
[Annotator "ChessBase"]
[PlyCount "119"]
[EventDate "2019.08.02"]
[EventType "swiss"]
[EventCountry "SVK"]
[SourceTitle "playchess.com"]
[Source "ChessBase"]
[SourceQuality "1"]
[TimeControl "40/5400+30:1800+30"]

1. e4 {[%emt 0:00:00]} c5 {[%emt 0:00:00]} 2. Nf3 {[%emt 0:00:00]} Nc6 {[%emt 0:00:04]} 3. Nc3 {[%emt 0:00:00]} e5 {[%emt 0:00:41]} 4. Bc4 {[%emt 0:00:39]} Be7 {[%emt 0:00:15]} 5. d3 {[%emt 0:02:26]} d6 {[%emt 0:00:14]} 6. Nd5 {[%emt 0:02:26]} Nf6 {[%emt 0:04:09]} 7. Bd2 {[%emt 0:11:33]} Be6 {[%emt 0:05:31]} 8. Nxf6+ {[%emt 0:00:09]} Bxf6 {[%emt 0:00:07]} 9. Bxe6 {[%emt 0:00:03]} fxe6 {[%emt 0:00:09]} 10. c3 {[%emt 0:00:26]} O-O {[%emt 0:01:32]} 11. O-O {[%emt 0:04:01]} Qd7 {[%emt 0:03:06]} 12. a3 {[%emt 0:01:12]} Rf7 {[%emt 0:06:05]} 13. b4 {[%emt 0:02:40]} b6 {[%emt 0:03:27]} 14. a4 {[%emt 0:04:09]} Raf8 {[%emt 0:04:07]} 15. b5 {[%emt 0:14:05]} Ne7 {[%emt 0:05:08]} 16. c4 {[%emt 0:00:41]} Ng6 {[%emt 0:01:45]} 17. g3 {[%emt 0:04:56]} Be7 {[%emt 0:10:26]} 18. Ne1 {[%emt 0:01:01]} d5 {[%emt 0:01:38]} 19. Qe2 {[%emt 0:11:37]} Rd8 {[%emt 0:09:35]} 20. Ra2 {[%emt 0:01:08]} a6 {[%emt 0:04:42]} 21. Ng2 {[%emt 0:08:16]} Ra8 {[%emt 0:04:33]} 22. Rb1 {[%emt 0:03:03]} axb5 {[%emt 0:01:59]} 23. Rxb5 {[%emt 0:01:07]} Bd8 {[%emt 0:00:31]} 24. Bc3 {[%emt 0:08:24]} dxc4 {[%emt 0:03:07]} 25. dxc4 {[%emt 0:00:10]} Qc6 {[%emt 0:03:49]} 26. Ne1 {[%emt 0:01:31]} Rfa7 {[%emt 0:08:27]} 27. Qc2 {[%emt 0:00:42]} Bc7 {[%emt 0:01:26]} 28. Nf3 {[%emt 0:00:35]} Rf8 {[%emt 0:01:32]} 29. Qe2 {[%emt 0:00:35]} Qa8 {[%emt 0:03:13]} 30. h4 {[%emt 0:02:17]} Rxa4 {[%emt 0:05:39]} 31. Rxa4 {[%emt 0:00:02]} Qxa4 {[%emt 0:00:06]} 32. h5 {[%emt 0:00:07]} Ne7 {[%emt 0:00:08]} 33. Nxe5 {[%emt 0:01:12]} Rd8 {[%emt 0:00:45]} 34. Rb1 {[%emt 0:01:41]} Bxe5 {[%emt 0:00:55]} 35. Bxe5 {[%emt 0:00:06]} Nc6 {[%emt 0:00:06]} 36. Ra1 {[%emt 0:08:35]} Qb3 {[%emt 0:00:34]} 37. Bb2 {[%emt 0:01:44]} h6 {[%emt 0:02:30]} 38. Kg2 {[%emt 0:01:30]} Na5 {[%emt 0:01:31]} 39. Rc1 {[%emt 0:00:56]} Rd7 {[%emt 0:02:42]} 40. Ba1 {[%emt 0:00:00]} Qa3 {[%emt 0:00:00]} 41. Rb1 {[%emt 0:07:01]} Qa4 {[%emt 0:09:09]} 42. Qg4 {[%emt 0:01:28]} Qc6 {[%emt 0:02:11]} 43. Rd1 {[%emt 0:02:38]} Kf8 {[%emt 0:10:22]} 44. Qf4+ {[%emt 0:01:23]} Kg8 {[%emt 0:00:27]} 45. Rxd7 {[%emt 0:04:52]} Qxd7 {[%emt 0:00:05]} 46. Qb8+ {[%emt 0:00:04]} Kh7 {[%emt 0:00:08]} 47. Qxb6 {[%emt 0:00:13]} Nxc4 {[%emt 0:00:23]} 48. Qxc5 {[%emt 0:00:10]} Qd3 {[%emt 0:00:30]} 49. Qd4 {[%emt 0:01:06]} Qxd4 {[%emt 0:00:06]} 50. Bxd4 {[%emt 0:00:01]} g6 {[%emt 0:01:02]} 51. g4 {[%emt 0:01:28]} e5 {[%emt 0:05:39]} 52. Bc3 {[%emt 0:02:00]} g5 {[%emt 0:06:04]} 53. Kf3 {[%emt 0:00:37]} Kg7 {[%emt 0:00:06]} 54. Ke2 {[%emt 0:00:06]} Kf6 {[%emt 0:00:03]} 55. Kd3 {[%emt 0:00:17]} Nb6 {[%emt 0:00:20]} 56. Bb4 {[%emt 0:00:29]} Nd7 {[%emt 0:00:26]} 57. Kc4 {[%emt 0:00:29]} Ke6 {[%emt 0:00:05]} 58. f3 {[%emt 0:00:12]} Nf6 {[%emt 0:01:19]} 59. Bf8 {[%emt 0:01:05]} Ng8 {[%emt 0:00:06]} 60. Bg7 {[%emt 0:00:36] Kd5+} 1-0

[Event "EYCC Open-U18 2019"]
[Site "Bratislava"]
[Date "2019.08.06"]
[Round "5.8"]
[White "Pechac, Jergus"]
[Black "Kozak, Antoni"]
[Result "1-0"]
[WhiteElo "2469"]
[BlackElo "2365"]
[Annotator "ChessBase"]
[PlyCount "79"]
[EventDate "2019.08.02"]
[EventType "swiss"]
[EventCountry "SVK"]
[SourceTitle "playchess.com"]
[Source "ChessBase"]
[SourceQuality "1"]
[TimeControl "40/5400+30:1800+30"]

1. d4 {[%emt 0:00:00]} Nf6 {[%emt 0:00:00]} 2. c4 {[%emt 0:00:00]} e6 {[%emt 0:00:00]} 3. Nc3 {[%emt 0:00:00]} Bb4 {[%emt 0:00:00]} 4. e3 {[%emt 0:00:00]} b6 {[%emt 0:00:00]} 5. Bd3 {[%emt 0:00:55]} Bb7 {[%emt 0:00:33]} 6. Nf3 {[%emt 0:00:09]} O-O {[%emt 0:00:05]} 7. O-O {[%emt 0:00:13]} d5 {[%emt 0:00:02]} 8. cxd5 {[%emt 0:00:20]} exd5 {[%emt 0:00:05]} 9. Ne5 {[%emt 0:00:43]} Bd6 {[%emt 0:09:53]} 10. Ne2 {[%emt 0:15:11]} c5 {[%emt 0:04:38]} 11. b3 {[%emt 0:04:21]} Nc6 {[%emt 0:06:18]} 12. Nxc6 {[%emt 0:01:39]} Bxc6 {[%emt 0:00:04]} 13. Ng3 {[%emt 0:00:13]} Re8 {[%emt 0:16:53]} 14. Bb2 {[%emt 0:00:42]} g6 {[%emt 0:07:22]} 15. Qf3 {[%emt 0:05:15]} Ne4 {[%emt 0:00:54]} 16. Rfd1 {[%emt 0:01:52]} f5 {[%emt 0:06:52]} 17. Bxe4 {[%emt 0:05:03]} fxe4 {[%emt 0:01:24]} 18. Qe2 {[%emt 0:00:06]} Qd7 {[%emt 0:03:38]} 19. Qc2 {[%emt 0:03:35]} c4 {[%emt 0:03:42]} 20. a4 {[%emt 0:07:53]} b5 {[%emt 0:04:37]} 21. axb5 {[%emt 0:01:43]} Bxb5 {[%emt 0:00:08]} 22. bxc4 {[%emt 0:00:19]} Bxc4 {[%emt 0:00:07]} 23. Ba3 {[%emt 0:00:08]} a5 {[%emt 0:06:18]} 24. Bc5 {[%emt 0:04:23]} Bxc5 {[%emt 0:07:06]} 25. dxc5 {[%emt 0:00:09]} Qc6 {[%emt 0:00:23]} 26. Ra4 {[%emt 0:07:25]} Bd3 {[%emt 0:03:39]} 27. Qa2 {[%emt 0:01:25]} Qxc5 {[%emt 0:02:17]} 28. Ra1 {[%emt 0:00:09]} Bc4 {[%emt 0:01:07]} 29. Qd2 {[%emt 0:01:40]} Reb8 {[%emt 0:00:55]} 30. Qc3 {[%emt 0:03:47]} Rb3 {[%emt 0:03:07]} 31. Qe5 {[%emt 0:01:16]} Qb5 {[%emt 0:01:41]} 32. Qe6+ {[%emt 0:02:22]} Kg7 {[%emt 0:00:12]} 33. h4 {[%emt 0:00:50]} h5 {[%emt 0:02:17]} 34. Qe5+ {[%emt 0:01:53]} Kg8 {[%emt 0:02:04]} 35. Qe6+ {[%emt 0:03:42]} Kg7 {[%emt 0:00:01]} 36. Qe7+ {[%emt 0:00:10]} Kg8 {[%emt 0:00:49]} 37. Rxa5 {[%emt 0:01:14]} Rxa5 {[%emt 0:02:30]} 38. Qd8+ {[%emt 0:00:09]} Kh7 {[%emt 0:04:36]} 39. Rxa5 {[%emt 0:00:06]} Qb7 {[%emt 0:00:25]} 40. Rc5 {[%emt 0:00:00]} 1-0

[Event "EYCC Open-U18 2019"]
[Site "Bratislava"]
[Date "2019.08.06"]
[Round "5.9"]
[White "Gatineau, Yovann"]
[Black "Petriashvili, Nikoloz"]
[Result "1/2-1/2"]
[WhiteElo "2364"]
[BlackElo "2451"]
[Annotator "ChessBase"]
[PlyCount "85"]
[EventDate "2019.08.02"]
[EventType "swiss"]
[EventCountry "SVK"]
[SourceTitle "playchess.com"]
[Source "ChessBase"]
[SourceQuality "1"]
[TimeControl "40/5400+30:1800+30"]

1. d4 {[%emt 0:00:00]} d5 {[%emt 0:00:00]} 2. Bf4 {[%emt 0:00:00]} Nf6 {[%emt 0:00:25]} 3. e3 {[%emt 0:00:00]} Bf5 {[%emt 0:03:50]} 4. c4 {[%emt 0:00:00]} e6 {[%emt 0:05:39]} 5. Nc3 {[%emt 0:00:07]} c6 {[%emt 0:01:13]} 6. Qb3 {[%emt 0:00:09]} Qc8 {[%emt 0:05:13]} 7. Rc1 {[%emt 0:00:11]} Nbd7 {[%emt 0:04:35]} 8. cxd5 {[%emt 0:04:03]} Nxd5 {[%emt 0:00:05]} 9. Bg3 {[%emt 0:01:30]} Nxc3 {[%emt 0:03:55]} 10. bxc3 {[%emt 0:02:33]} Be7 {[%emt 0:00:43]} 11. Nf3 {[%emt 0:01:12]} c5 {[%emt 0:06:47]} 12. Be2 {[%emt 0:06:30]} cxd4 {[%emt 0:01:26]} 13. exd4 {[%emt 0:04:48]} Be4 {[%emt 0:03:58]} 14. O-O {[%emt 0:01:06]} b6 {[%emt 0:00:05]} 15. c4 {[%emt 0:07:11]} O-O {[%emt 0:02:53]} 16. d5 {[%emt 0:03:39]} Nc5 {[%emt 0:03:21]} 17. Qe3 {[%emt 0:00:45]} Qb7 {[%emt 0:01:02]} 18. Rfd1 {[%emt 0:11:55]} Rad8 {[%emt 0:01:00]} 19. d6 {[%emt 0:12:39]} Bf6 {[%emt 0:00:04]} 20. Rd2 {[%emt 0:05:01]} Bc6 {[%emt 0:09:15]} 21. Ne5 {[%emt 0:08:35]} Bxe5 {[%emt 0:00:46]} 22. Bxe5 {[%emt 0:00:10]} f6 {[%emt 0:01:08]} 23. Bb2 {[%emt 0:01:23]} Bxg2 {[%emt 0:05:15]} 24. Ba3 {[%emt 0:04:51]} Qc6 {[%emt 0:08:10]} 25. Rd4 {[%emt 0:02:45]} Qb7 {[%emt 0:06:42]} 26. Rg4 {[%emt 0:06:55]} Bc6 {[%emt 0:00:15]} 27. Bxc5 {[%emt 0:00:29]} bxc5 {[%emt 0:00:12]} 28. Qxc5 {[%emt 0:01:35]} Qb6 {[%emt 0:05:57]} 29. Qa3 {[%emt 0:00:10]} f5 {[%emt 0:06:46]} 30. c5 {[%emt 0:02:33]} Qb7 {[%emt 0:00:01]} 31. Rg3 {[%emt 0:01:53]} f4 {[%emt 0:00:51]} 32. Rg5 {[%emt 0:00:46]} h6 {[%emt 0:01:51]} 33. Rg4 {[%emt 0:00:45]} e5 {[%emt 0:01:29]} 34. Qc3 {[%emt 0:01:35]} Rde8 {[%emt 0:00:27]} 35. Qb3+ {[%emt 0:03:17]} Qxb3 {[%emt 0:00:03]} 36. axb3 {[%emt 0:00:07]} a5 {[%emt 0:02:35]} 37. Ra1 {[%emt 0:02:11]} Ra8 {[%emt 0:00:24]} 38. f3 {[%emt 0:00:58]} Bd5 {[%emt 0:01:12]} 39. Kf2 {[%emt 0:03:25]} Bxb3 {[%emt 0:01:36]} 40. c6 {[%emt 0:00:00]} Rf6 {[%emt 0:00:00]} 41. d7 {[%emt 0:23:07]} Rxc6 {[%emt 0:03:36]} 42. Rxa5 {[%emt 0:00:08]} Rd8 {[%emt 0:01:32]} 43. Rxe5 {[%emt 0:00:58]} 1/2-1/2